| 000 | 00493nam a2200181 i 4500 | ||
|---|---|---|---|
| 001 | 63668 | ||
| 003 | ES-MaACL | ||
| 005 | 20250929063125.0 | ||
| 007 | t| | ||
| 008 | 031215s1917 po ||||1| por d | ||
| 100 | 1 |
_aAlmeida, Fialho de, _d1857-1911 _9155186 |
|
| 245 | 1 | 0 |
_aPasquinadas / _cFialho d'Almeida. |
| 250 | _a3ยช ed. | ||
| 260 |
_aPorto : _bLelo e irmao, _c[1917] ( _fImp. Moderna) |
||
| 300 |
_a380 p. ; _c19 cm. |
||
| 852 |
_aES-MaACL _jF-7461 |
||
| 999 |
_c63668 _d63668 |
||